00596nam a22001697a 4500003000400000005001700004008004100021040001800062100002100080245017300101260001900274650002000293650002900313650001700342700002900359856003800388OSt20240920104953.0240920b ||||| |||| 00| 0 eng d cAIMIT LIBRARY aSushma.e2216216 aStudy on quality of work life and its impact on overall satisfaction of employees with special reference to Sai Radha Pharma (I) Pvt Ltd /cBy Sushma ; Vinay Krishna N. aUdupi :c2024. aCompany profile aStatement of the problem aData sources aKrishna N, Vinay.eGuide 3Sai Radha Pharma (India) Pvt Ltd.